[Event "Hanoi (Women) op 12"]
[Site "Hanoi"]
[Date "2022.??.??"]
[Round "9"]
[White "Doan, Thi Van Anh"]
[Black "Le, Thi Thu Huong"]
[Result "1-0"]
[WhiteElo "1948"]
[BlackElo "1914"]
[PlyCount "115"]
[EventDate "2022.12.11"]
[EventType "swiss"]
[EventRounds "9"]
[EventCountry "VIE"]
[SourceTitle "CBM 211 Extra"]
[Source "ChessBase"]
[SourceDate "2023.01.31"]
[SourceVersion "1"]
[SourceVersionDate "2023.01.31"]
[SourceQuality "1"]

1. d4 d5 2. c4 c6 3. Nf3 Nf6 4. Qc2 g6 5. g3 Bg7 6. Bg2 0-0 7. 0-0 Bf5 8. Qb3 Qb6 9. Qxb6 axb6 10. cxd5 Nxd5 11. Nc3 Nb4 12. Bg5 Re8 13. a3 N4a6 14. Rad1 b5 15. e4 Bg4 16. h3 Bd7 17. Rd2 b4 18. axb4 Nxb4 19. Bf4 N8a6 20. Na4 Rad8 21. Nb6 Be6 22. Rfd1 Bb3 23. Rc1 h6 24. h4 Kh7 25. Bf1 Be6 26. Bc4 Bxc4 27. Rxc4 e5 28. dxe5 Rxd2 29. Bxd2 Nd3 30. Bc3 Nxe5 31. Nxe5 Bxe5 32. f4 Bxc3 33. bxc3 Rd8 34. Rd4 Re8 35. e5 Kg7 36. Kf2 Nc5 37. Nd7 Ne6 38. Rb4 b5 39. c4 Rd8 40. Nf6 Rd4 41. Ne8+ Kf8 42. Nd6 bxc4 43. Rb8+ Ke7 44. Rb7+ Kd8 45. Nxf7+ Kc8 46. Rb4 c5 47. Rxc4 Rxc4 48. Nd6+ Kd7 49. Nxc4 h5 50. Ke3 Nd4 51. Nd6 Ke6 52. Ke4 Nc2 53. Kf3 Nd4+ 54. Ke3 Kd5 55. Kd3 Ne6 56. Nc4 Nf8 57. Ne3+ Kc6 58. Ke4 1-0

[Event "Hanoi (Women) op 12"]
[Site "Hanoi"]
[Date "2022.??.??"]
[Round "3"]
[White "Doan, Thi Van Anh"]
[Black "Nguyen, Minh Chi"]
[Result "1-0"]
[WhiteElo "1948"]
[BlackElo "1963"]
[PlyCount "93"]
[EventDate "2022.12.11"]
[EventType "swiss"]
[EventRounds "9"]
[EventCountry "VIE"]
[SourceTitle "CBM 211 Extra"]
[Source "ChessBase"]
[SourceDate "2023.01.31"]
[SourceVersion "1"]
[SourceVersionDate "2023.01.31"]
[SourceQuality "1"]

1. d4 f5 2. c4 Nf6 3. Nc3 e6 4. e3 Bb4 5. Bd2 Bxc3 6. Bxc3 Ne4 7. Bb4 b6 8. Bd3 Bb7 9. Ne2 d6 10. f3 Nf6 11. 0-0 Nbd7 12. Re1 g6 13. Bc3 0-0 14. b4 Qe7 15. Bc2 e5 16. dxe5 dxe5 17. Bb3 c5 18. a3 Rfd8 19. Qc1 Rac8 20. Qb2 h6 21. Rad1 Kh7 22. Ng3 Re8 23. Re2 Rcd8 24. Red2 Bc6 25. Rd6 Rc8 26. Bc2 Kg8 27. R1d2 Kf7 28. b5 Ba8 29. Bxf5 gxf5 30. Nxf5 Qf8 31. e4 Rc7 32. R2d3 Bb7 33. Qd2 Kg6 34. g4 Bc8 35. h4 Rb7 36. g5 hxg5 37. hxg5 Qh8 38. Rc6 Rb8 39. Rxd7 Bxd7 40. Rxf6+ Qxf6 41. gxf6 Bxf5 42. exf5+ Kxf6 43. Qd6+ Kxf5 44. Bxe5 Rg8+ 45. Kf2 Rbf8 46. Qd5 Kg6 47. Qe6+ 1-0

[Event "ASEAN-ch (Women) 4th"]
[Site "Bac Giang"]
[Date "2019.11.01"]
[Round "9"]
[White "Doan, Thi Van Anh"]
[Black "Vo, Thi Kim Phung"]
[Result "0-1"]
[WhiteElo "1968"]
[BlackElo "2335"]
[PlyCount "66"]
[EventDate "2019.10.25"]
[EventType "swiss"]
[EventRounds "9"]
[EventCountry "VIE"]
[SourceTitle "CBM 192 Extra"]
[Source "Chessbase"]
[SourceDate "2019.11.06"]
[SourceVersion "1"]
[SourceVersionDate "2019.11.06"]
[SourceQuality "1"]

1. e4 e6 2. d4 d5 3. Nc3 Bb4 4. e5 c5 5. a3 Bxc3+ 6. bxc3 Ne7 7. Qg4 cxd4 8. Bd3 Qa5 9. Ne2 0-0 10. Bg5 Ng6 11. Qg3 Nd7 12. f4 dxc3 13. h4 h5 14. Qe3 Qb6 15. Nd4 Nb8 16. Kf2 Nc6 17. Nxc6 bxc6 18. g4 hxg4 19. Qxb6 axb6 20. h5 f6 21. hxg6 fxg5 22. Rh7 Rxf4+ 23. Kg3 Raa4 24. Rah1 Rf3+ 25. Kg2 Rh3 26. Rf1 Rf4 27. Rxf4 gxf4 28. Rxh3 gxh3+ 29. Kxh3 Bd7 30. Kg4 c5 31. Kxf4 Ba4 32. Ke3 c4 33. Be2 Bxc2 0-1

[Event "ASEAN-ch (Women) 4th"]
[Site "Bac Giang"]
[Date "2019.10.30"]
[Round "7"]
[White "Putri, Regita Desyari"]
[Black "Doan, Thi Van Anh"]
[Result "0-1"]
[WhiteElo "1869"]
[BlackElo "1968"]
[PlyCount "102"]
[EventDate "2019.10.25"]
[EventType "swiss"]
[EventRounds "9"]
[EventCountry "VIE"]
[SourceTitle "CBM 192 Extra"]
[Source "Chessbase"]
[SourceDate "2019.11.06"]
[SourceVersion "1"]
[SourceVersionDate "2019.11.06"]
[SourceQuality "1"]

1. d4 d5 2. c4 c6 3. Nf3 Nf6 4. Nc3 dxc4 5. a4 Bf5 6. e3 e6 7. Bxc4 Bb4 8. 0-0 0-0 9. Qb3 Qe7 10. a5 c5 11. d5 exd5 12. Nxd5 Nxd5 13. Bxd5 Be4 14. Bxe4 Qxe4 15. Bd2 Nc6 16. Bxb4 Nxb4 17. Qc3 Rac8 18. Rfd1 h6 19. h3 Rfe8 20. Nd2 Qc6 21. Nf1 Re6 22. Ng3 Rg6 23. e4 Re8 24. Rd2 Qc7 25. b3 Ra6 26. Rc1 Qe7 27. Rcd1 Qf8 28. Rd7 Rb8 29. Nf5 Nc6 30. Qg3 Kh7 31. Nd6 Nd4 32. Kh1 Rd8 33. Rxd8 Qxd8 34. Nxb7 Qe7 35. Nxc5 Qxc5 36. Qd3 Nb5 37. b4 Qh5 38. e5+ Rg6 39. f4 a6 40. Rc1 Qh4 41. Qe4 Qf2 42. f5 Rg5 43. g4 Qg3 44. Qg2 Qe3 45. Rf1 h5 46. Rg1 Qxe5 47. Qd2 Qe4+ 48. Kh2 Nd4 49. Rg3 f6 50. Qd1 h4 51. Rd3 Nxf5 0-1

[Event "Wch Blitz (Women)"]
[Site "St Petersburg"]
[Date "2018.12.29"]
[Round "6"]
[White "Bivol, Alina"]
[Black "Doan, Thi Van Anh"]
[Result "1-0"]
[WhiteElo "2393"]
[BlackElo "1950"]
[PlyCount "105"]
[EventDate "2018.12.29"]
[EventType "swiss (blitz)"]
[EventRounds "17"]
[EventCountry "RUS"]
[SourceTitle "CBM 187 Extra"]
[Source "ChessBase"]
[SourceDate "2018.11.04"]
[SourceVersion "1"]
[SourceVersionDate "2018.11.04"]
[SourceQuality "1"]

1. Nf3 d5 2. g3 g6 3. Bg2 Bg7 4. d4 Nf6 5. 0-0 0-0 6. Nbd2 c5 7. dxc5 Qc7 8. Nb3 Nbd7 9. Bf4 e5 10. Bg5 h6 11. Bxf6 Nxf6 12. Rc1 Be6 13. h3 Ne4 14. Kh2 Nxc5 15. Nxc5 Qxc5 16. c3 Rad8 17. Qa4 a6 18. Nd2 Qc8 19. e3 b5 20. Qc2 Bf5 21. e4 dxe4 22. Nxe4 Qc4 23. b3 Qd3 24. Qxd3 Rxd3 25. Nc5 Rd2 26. Nxa6 Rxa2 27. Nc7 Rc8 28. Nd5 Kf8 29. Kg1 Be6 30. c4 bxc4 31. bxc4 Rc5 32. Ne3 Ra4 33. Bd5 Bxh3 34. Rfd1 Ke7 35. Rb1 Ra7 36. g4 f5 37. Rb6 Bf6 38. Re6+ Kf8 39. Rxf6+ Kg7 40. Rc6 Rxc6 41. Bxc6 f4 42. Nd5 Bxg4 43. Rb1 Be2 44. c5 Ra5 45. Rc1 g5 46. Bd7 Bf3 47. Nb4 Ra7 48. c6 Rc7 49. Na6 Ra7 50. c7 Bb7 51. Nc5 Bc8 52. Bxc8 Rxc7 53. Ne6+ 1-0

[Event "Wch Blitz (Women)"]
[Site "St Petersburg"]
[Date "2018.12.29"]
[Round "5"]
[White "Doan, Thi Van Anh"]
[Black "Mammadzada, Gunay Vuqar Qizi"]
[Result "0-1"]
[WhiteElo "1950"]
[BlackElo "2422"]
[PlyCount "148"]
[EventDate "2018.12.29"]
[EventType "swiss (blitz)"]
[EventRounds "17"]
[EventCountry "RUS"]
[SourceTitle "CBM 187 Extra"]
[Source "ChessBase"]
[SourceDate "2018.11.04"]
[SourceVersion "1"]
[SourceVersionDate "2018.11.04"]
[SourceQuality "1"]

1. d4 d5 2. c4 c6 3. Nf3 Nf6 4. Qc2 dxc4 5. Qxc4 Bg4 6. e3 Nbd7 7. Be2 g6 8. h3 Be6 9. Qc2 Bg7 10. Nc3 Nb6 11. 0-0 0-0 12. b3 Nfd5 13. Bb2 h6 14. a3 Rc8 15. Ne4 Bf5 16. Bd3 Nd7 17. Rac1 Qb6 18. b4 Rfd8 19. Nc5 Bxd3 20. Qxd3 Nf8 21. Qc2 Qc7 22. Rfd1 g5 23. Nd3 Ng6 24. Nh2 e6 25. Ne1 f5 26. Nef3 Qe7 27. Qe2 Rf8 28. Ne5 Nxe5 29. dxe5 c5 30. bxc5 Rxc5 31. Bd4 Rxc1 32. Rxc1 Qxa3 33. Ra1 Qb3 34. Rxa7 Rc8 35. Ra1 Nc3 36. Qd3 Qb2 37. Bxc3 Qxc3 38. Qf1 Bxe5 39. Rb1 Rc7 40. Nf3 Bf6 41. Qd1 Kg7 42. Qd6 Qc6 43. Qd1 Rd7 44. Qe2 Kg6 45. g4 Qe4 46. Rd1 Rxd1+ 47. Qxd1 fxg4 48. hxg4 Qxg4+ 49. Kf1 Qc4+ 50. Kg2 Qd5 51. Qc2+ Qf5 52. Qb3 Qg4+ 53. Kf1 Qxf3 54. Qxe6 Qf5 55. Qg8+ Bg7 56. Qe8+ Qf7 57. Qe4+ Qf5 58. Qxb7 h5 59. Qc6+ Kh7 60. e4 Qf3 61. Qe8 h4 62. Qe6 h3 63. Qf5+ Qxf5 64. exf5 g4 65. Kg1 Be5 66. Kh1 Kg7 67. f4 gxf3 68. Kg1 Kf6 69. Kh1 Bc3 70. Kg1 Kxf5 71. Kf2 Kg4 72. Kg1 Kf4 73. Kh2 f2 74. Kxh3 f1Q+ 0-1

[Event "Wch Blitz (Women)"]
[Site "St Petersburg"]
[Date "2018.12.29"]
[Round "2"]
[White "Tsatsalashvili, Ketevan"]
[Black "Doan, Thi Van Anh"]
[Result "1-0"]
[WhiteElo "2303"]
[BlackElo "1950"]
[PlyCount "139"]
[EventDate "2018.12.29"]
[EventType "swiss (blitz)"]
[EventRounds "17"]
[EventCountry "RUS"]
[SourceTitle "CBM 187 Extra"]
[Source "ChessBase"]
[SourceDate "2018.11.04"]
[SourceVersion "1"]
[SourceVersionDate "2018.11.04"]
[SourceQuality "1"]

1. d4 d5 2. Nf3 Nf6 3. c4 c6 4. e3 Bf5 5. Nc3 e6 6. Qb3 Qc7 7. Nh4 Bg4 8. cxd5 exd5 9. h3 Bh5 10. Bd3 Nbd7 11. Bd2 Bg6 12. Nxg6 hxg6 13. Rc1 Qb6 14. Qc2 Bd6 15. a3 Rc8 16. b4 a6 17. Na4 Qc7 18. Nc5 0-0 19. 0-0 Rfe8 20. a4 Bxc5 21. bxc5 Ne4 22. Rb1 Ndf6 23. Rb2 g5 24. Rfb1 Rb8 25. f3 Nxd2 26. Qxd2 g6 27. Rb3 Kg7 28. Bf1 Red8 29. Qb2 Qe7 30. Kf2 Rd7 31. Bxa6 g4 32. hxg4 Nh7 33. Bf1 Re8 34. g3 Qg5 35. Be2 Rde7 36. f4 Qf6 37. Bf3 Re6 38. Re1 Qe7 39. Qd2 Nf6 40. g5 Ne4+ 41. Bxe4 Rxe4 42. Rh1 Qe6 43. Rh4 Rh8 44. Rxh8 Kxh8 45. Kg2 Kg7 46. a5 Qe7 47. Qf2 Qe6 48. Qf3 Qe7 49. Kf2 Qd7 50. g4 Qc7 51. Rb6 Qb8 52. Qd1 Qe8 53. Qb3 Qa8 54. Qb4 Qe8 55. Qb3 Qc8 56. Kg3 Qe8 57. Kf3 Qa8 58. Qc3 Qc8 59. Rb1 Qh8 60. Kg3 Qe8 61. Re1 Qa8 62. Rh1 Qe8 63. Kf2 Qc8 64. Kf3 Qe8 65. Qd3 Qa8 66. Qd2 Qa6 67. Qh2 Kf8 68. Qh8+ Ke7 69. Qf6+ Kd7 70. Qd6+ 1-0

[Event "Wch Rapid (Women)"]
[Site "St Petersburg"]
[Date "2018.12.28"]
[Round "11"]
[White "Doan, Thi Van Anh"]
[Black "Atalik, Ekaterina"]
[Result "0-1"]
[WhiteElo "1950"]
[BlackElo "2447"]
[PlyCount "126"]
[EventDate "2018.12.26"]
[EventType "swiss (rapid)"]
[EventRounds "12"]
[EventCountry "RUS"]
[SourceTitle "CBM 187 Extra"]
[Source "ChessBase"]
[SourceDate "2018.11.04"]
[SourceVersion "1"]
[SourceVersionDate "2018.11.04"]
[SourceQuality "1"]

1. d4 Nf6 2. Nf3 g6 3. Nc3 d5 4. Bf4 Bg7 5. e3 0-0 6. h3 c5 7. dxc5 Qa5 8. Be2 Ne4 9. 0-0 Nxc3 10. bxc3 Qxc5 11. Be5 Nc6 12. Bxg7 Kxg7 13. Rb1 a6 14. Qd2 b5 15. Rfd1 Rd8 16. Nd4 e5 17. Nxc6 Qxc6 18. Bf3 Be6 19. Rb4 Rac8 20. Rb3 Rd7 21. Qe1 e4 22. Bg4 f5 23. Be2 d4 24. cxd4 Bxb3 25. cxb3 Qc3 26. Qf1 Qb2 27. a4 Rc2 28. Rb1 Qc3 29. axb5 axb5 30. Bxb5 Ra7 31. Qe1 Qxe1+ 32. Rxe1 Raa2 33. Rf1 Kf6 34. Bc4 g5 35. g3 f4 36. Bd5 fxe3 37. fxe3+ Ke7 38. Bxe4 Re2 39. Bf3 Rxe3 40. Rf2 Ra1+ 41. Kg2 Rxb3 42. Re2+ Kd6 43. d5 Raa3 44. Re6+ Kc5 45. Rc6+ Kd4 46. Be2 Rb2 47. Kf2 Kxd5 48. Rc7 h6 49. Re7 Rbb3 50. Rh7 Rb6 51. h4 Rf6+ 52. Ke1 Rxg3 53. hxg5 hxg5 54. Rd7+ Ke5 55. Rg7 Kf4 56. Rb7 Re3 57. Rb4+ Re4 58. Rb3 Rfe6 59. Rf3+ Kg4 60. Rf2+ Rxe2+ 61. Rxe2 Rxe2+ 62. Kxe2 Kg3 63. Kf1 Kh2 0-1

[Event "Asian Continental op (Women) 17th"]
[Site "Makati"]
[Date "2018.12.16"]
[Round "7"]
[White "San Diego, Marie Antoinette"]
[Black "Doan, Thi Van Anh"]
[Result "0-1"]
[WhiteElo "2111"]
[BlackElo "1950"]
[PlyCount "110"]
[EventDate "2018.12.10"]
[EventType "swiss"]
[EventRounds "9"]
[EventCountry "PHI"]
[SourceTitle "CBM 187 Extra"]
[Source "ChessBase"]
[SourceDate "2018.11.04"]
[SourceVersion "1"]
[SourceVersionDate "2018.11.04"]
[SourceQuality "1"]

1. d4 d5 2. c4 dxc4 3. Nf3 c6 4. e3 b5 5. a4 e6 6. b3 b4 7. Bxc4 a5 8. 0-0 Nf6 9. Bb2 Be7 10. Nbd2 0-0 11. Qc2 Qb6 12. Bd3 h6 13. Rac1 Bb7 14. Ne5 Nfd7 15. Ne4 Nxe5 16. dxe5 c5 17. Nxc5 Rc8 18. Bd4 Bxc5 19. Bxc5 Qc6 20. f3 Nd7 21. Bd4 Nxe5 22. Bxe5 Qd5 23. Bh7+ Kh8 24. Qe4 Rxc1 25. Rxc1 Qd2 26. Qxb7 Qxe3+ 27. Kf1 Qxc1+ 28. Ke2 Rd8 29. Bd3 Qg5 30. f4 Qh5+ 31. Qf3 Qxh2 32. Qg4 Rg8 33. Kf2 Qh1 34. Ke2 Qh2 35. Kf2 Qh1 36. Bb2 Qh2 37. f5 Qd6 38. Qh4 exf5 39. Qh3 Rd8 40. Kg1 Qf4 41. Bf1 Rd1 42. Qf3 Qxf3 43. gxf3 Rb1 44. Bd4 Rxb3 45. Kf2 Ra3 46. Bb5 b3 47. Kg3 Ra2 48. Be5 Rd2 49. Bc3 b2 50. Bxd2 b1Q 51. Bxa5 g5 52. Bb6 Kg7 53. Kf2 h5 54. Bd4+ Kg6 55. Be2 Qb4 0-1